The noble scholar, jurist, historian


 His Excellency Dr. Abdul Wahhab bin Ibrahim Abu Sulaiman, may Allah have mercy on him.


 He was born in Umm Al-Qura in the year 1356 AH.

نقد الطالب لزغل المناصب / (Record no. 5891)

MARC details
000 -LEADER
fixed length control field 01371ctm a22003011a 4500
003 - CONTROL NUMBER IDENTIFIER
control field SA-RiAUC
005 - DATE AND TIME OF LATEST TRANSACTION
control field 20250213082524.0
008 - FIXED-LENGTH DATA ELEMENTS--GENERAL INFORMATION
fixed length control field 250209s1992 le g b 00010dara c
040 ## - CATALOGING SOURCE
Original cataloging agency IMAM
Language of cataloging ara
Transcribing agency SA-RiAUC
050 #4 - LIBRARY OF CONGRESS CALL NUMBER
Item number .I2 1992
082 04 - DEWEY DECIMAL CLASSIFICATION NUMBER
Classification number 257.4
Assigning agency SA-RiAUC
090 ## - LOCALLY ASSIGNED LC-TYPE CALL NUMBER (OCLC); LOCAL CALL NUMBER (RLIN)
Classification number (OCLC) (R) ; Classification number, CALL (RLIN) (NR) 257.4
Local cutter number (OCLC) ; Book number/undivided call number, CALL (RLIN) ا ب ن ط
100 1# - MAIN ENTRY--PERSONAL NAME
Personal name ابن طولون، محمد بن علي بن أحمد،
Dates associated with a name 880-953 هجري.
245 10 - TITLE STATEMENT
Title نقد الطالب لزغل المناصب /
Statement of responsibility, etc. شمس الدين محمد بن طولون الصالحي الدمشقي ؛ حققه محمد أحمد دهمان، خالد محمد دهمان ؛ راجعه نزار أباظة.
250 ## - EDITION STATEMENT
Edition statement ط. 1.
260 ## - PUBLICATION, DISTRIBUTION, ETC.
Place of publication, distribution, etc. بيروت :
Name of publisher, distributor, etc. دار الفكر المعاصر،
Date of publication, distribution, etc. 1992
300 ## - PHYSICAL DESCRIPTION
Extent 211 ص. ؛
Dimensions 24 سم.
490 0# - SERIES STATEMENT
Series statement مطبوعات مركز جمعة الماجد للثقافة والتراث
500 ## - GENERAL NOTE
General note كشافات : ص. 201-206.
502 ## - DISSERTATION NOTE
Dissertation note يشتمل على إرجاعات ببليوجرافية.
504 ## - BIBLIOGRAPHY, ETC. NOTE
Bibliography, etc. note ببليوجرافية : ص. 197-200.
650 #7 - SUBJECT ADDED ENTRY--TOPICAL TERM
Topical term or geographic name entry element النظام الإداري في الإسلام
Source of heading or term aucsh
700 1# - ADDED ENTRY--PERSONAL NAME
Personal name دهمان، محمد أحمد،
Dates associated with a name 1899-1988
Relator term محقق.
700 1# - ADDED ENTRY--PERSONAL NAME
Personal name دهمان، خالد محمد
Relator term محقق.
700 1# - ADDED ENTRY--PERSONAL NAME
Personal name أباظة، نزار محمد،
Dates associated with a name 1946-
Relator term مراجع.
942 ## - ADDED ENTRY ELEMENTS (KOHA)
Source of classification or shelving scheme Dewey Decimal Classification
Koha item type Books
Suppress in OPAC No
949 ## - LOCAL PROCESSING INFORMATION (OCLC)
a SA-JeALM
d 250209
u osman123
n 1
Holdings
Withdrawn status Lost status Source of classification or shelving scheme Damaged status Not for loan Home library Current library Date acquired Total checkouts Full call number Barcode Date last seen Price effective from Koha item type
    Dewey Decimal Classification     DR AbdElwahab Library DR AbdElwahab Library 02/13/2025   257.4 ا ب ن ط 000009754 02/13/2025 02/13/2025 Books